Ảnh hưởng của trò chơi đóng vai đối với trí nhớ có chủ định của trẻ mẫu giáo /

Uloženo v:
Podrobná bibliografie
Hlavní autor: Lê Thị Minh Hà.
Médium: Článek
Jazyk:Vietnamese
Tagy: Přidat tag
Žádné tagy, Buďte první, kdo otaguje tento záznam!
Thư viện lưu trữ: Thư viện Trường Đại học Đà Lạt
LEADER 00730nam a2200229 4500
001 DLU120138683
005 ##20120730
040 # # |a DLU  |b vie 
041 # # |a vie 
044 # # |a vn 
100 # # |a Lê Thị Minh Hà. 
245 # # |a Ảnh hưởng của trò chơi đóng vai đối với trí nhớ có chủ định của trẻ mẫu giáo /  |c Lê Thị Minh Hà. 
773 # # |t Thông báo khoa học: Scientific information   |g Số 3, 1998, tr. 36-40 
920 # # |a Phòng Tạp chí -- Trung tâm Thông tin - Thư viện Trường Đại học Đà Lạt 
994 # # |a DLU 
900 # # |a True 
911 # # |a Nguyễn Thị Mai Anh 
925 # # |a G 
926 # # |a A 
927 # # |a BB 
980 # # |a Thư viện Trường Đại học Đà Lạt